Statystyki dla Państwa z największą liczbą użytkowników JetPunk

Kliknij tutaj aby rozwiązać quiz!

Ogólne statystyki

  • Ten quiz został rozwiązany 12 998 razy
    (3 755 od ostatniego zresetowania)
  • Średni wynik to 14 z 20

Statystyki odpowiedzi

%Kraj% Poprawnych
10,3Polska
100%
24,7Stany Zjednoczone
97%
6,06Niemcy
95%
14,5Francja
92%
1,90Hiszpania
89%
1,22Rosja
89%
12,4Wielka Brytania
89%
5,33Kanada
86%
2,24Włochy
82%
3,40Brazylia
76%
1,38Indie
68%
3,20Australia
65%
1,93Holandia
62%
1,49Belgia
60%
0,80Turcja
59%
0,75Irlandia
56%
1,07Szwajcaria
55%
1,21Finlandia
52%
0,88Indonezja
42%
0,94Filipiny
31%

Rozkład punktacji

Percentyl według liczby udzielonych odpowiedzi

Procent ludzi z każdym wynikiem

Twoja historia wyników

Nie rozwiązałeś tego quizu od ostatniego zresetowania